| 000 | 00494nam a2200157Ia 4500 | ||
|---|---|---|---|
| 008 | 170224s9999 xx 000 0 und d | ||
| 100 | _aJude P Mikal | ||
| 245 | _a100 million strong: A case study of group identification and deindividuation on Imgur.com | ||
| 245 | _cJude P Mikal, Ronald E Rice Robert G Kent, Bert N Uchino | ||
| 260 | _bNew Media & Society | ||
| 260 | _cDecember | ||
| 300 | _a18:11 | ||
| 500 | _aDecember | ||
| 650 | _xCommunication Arts | ||
| 650 | _xMultimedia Arts | ||
| 999 |
_c316169 _d316169 |
||